Zdaňovanie príjmov v miestnej samospráve - špecifické problémy
Informácia o osobitostiach zdaňovania príjmov podľa zákona 595/2003 Z.z. pre účtovné jednotky miestnej samosprávy.
Salvato in:
| Autore principale: | |
|---|---|
| Natura: | Capitolo di libro |
| Lingua: | slovacco |
| Soggetti: | |
| Tags: |
Nessun Tag, puoi essere il primo ad aggiungerne!!
|
MARC
| LEADER | 00000naa$a2200000$$$4500 | ||
|---|---|---|---|
| 001 | 0111874 | ||
| 005 | 20231127110325.8 | ||
| 041 | 0 | |a slo | |
| 044 | |a SK | ||
| 245 | 1 | 0 | |a Zdaňovanie príjmov v miestnej samospráve - špecifické problémy |c Mária Brániková |
| 520 | |a Informácia o osobitostiach zdaňovania príjmov podľa zákona 595/2003 Z.z. pre účtovné jednotky miestnej samosprávy. | ||
| 610 | 2 | 0 | |a samospráva miestna |
| 610 | 2 | 0 | |a obce |
| 610 | 2 | 0 | |a účtovanie |
| 610 | 2 | 0 | |a dane z príjmov |
| 100 | 1 | |a Brániková, Mária | |